| 000 | 00669cam a2200277ua 4500 | ||
|---|---|---|---|
| 020 | _c7.00 | ||
| 041 |
_amal _h |
||
| 082 |
_a307.2 _bKES/GR |
||
| 100 | _aKesavan Nair, R . | ||
| 245 |
_aGramavikasanam / _cR Kesavan Nair. _hTextual Documents |
||
| 260 |
_aThiruvananthapuram : _bState Instititute of Languages , _c1979. |
||
| 300 | _a288 ; . | ||
| 365 | _a7.00 | ||
| 504 | _a | ||
| 942 | _cBK | ||
| 999 |
_c11318 _d11318 |
||